000 00664nam a22002177a 4500
999 _c10985
_d10985
003 AR-CdUCM
008 190402b ||||| |||| 00| 0 spa d
040 _aMUNICIPALIDAD PROVINCIAL DEL CUSCO
_cBIBLIOTECA MUNICIPAL DEL CUSCO
082 _aEP / 372.500 /
_bC84
100 _aCosta Alva, Yanira
_927897
245 _aNaturalito Naturaleza, comunidad y trabajo /
260 _aLima :
_bAdyrsa,
300 _a96 paginas ;
_bilustraciones, graficos, dibujos,
_c28 cm.
500 _aHumanidades
505 _aContenido:
650 _aTexto escolar
_92070
650 _aCuerpo humano
_918643
650 _aLiteratura
_983
942 _2ddc
_cLIBROS
945 _apjha